Catálogo
 En Linea

Raíces de la marea / (Registro nro. 36401)

Detalles MARC
000 -CABECERA
campo de control de longitud fija 00447nam a2200157 a 4500
001 - NÚMERO DE CONTROL
campo de control 000036911
005 - FECHA Y HORA DE LA ÚLTIMA TRANSACCIÓN
campo de control 20200930080020.0
008 - DATOS DE LONGITUD FIJA--INFORMACIÓN GENERAL
campo de control de longitud fija 120206s2011 xxu 000 0 spa d
020 ## - NÚMERO INTERNACIONAL ESTÁNDAR DEL LIBRO
Número Internacional Estándar del Libro 9781105033681
040 ## - FUENTE DE LA CATALOGACIÓN
Centro catalogador/agencia de origen DO-SdBNP
Lengua de catalogación spa
Centro/agencia transcriptor BNPHU
082 ## - NÚMERO DE LA CLASIFICACIÓN DECIMAL DEWEY
Número de clasificación xxx
Número de documento/Ítem C146r
100 1# - ENTRADA PRINCIPAL--NOMBRE DE PERSONA
Nombre de persona Calderón, José Luis,
Fechas asociadas al nombre 1975
9 (RLIN) 63301
245 10 - MENCIÓN DE TÍTULO
Título Raíces de la marea /
Mención de responsabilidad, etc. José Luis Calderón.
260 ## - PUBLICACIÓN, DISTRIBUCIÓN, ETC.
Lugar de publicación, distribución, etc. Estados Unidos :
Nombre del editor, distribuidor, etc. [s.n.],
Fecha de publicación, distribución, etc. 2011.
300 ## - DESCRIPCIÓN FÍSICA
Extensión 83 p. ;
Dimensiones 23 cm.
Existencias
Estado de retiro Estado de pérdida Restricciones de uso No para préstamo Código de colección Localización permanente Ubicación/localización actual Ubicación en estantería Fecha de adquisición Número de inventario Total de préstamos Signatura topográfica completa Código de barras Fecha visto por última vez Número de copia Precio válido a partir de Tipo de ítem Koha
      Excluido de préstamo Monografías: Libros y Folletos General General En catalogación 06.02.2012 LF1   xxx C146r 36911-30 25.06.2020 e. 3 25.06.2020 No se presta
      Excluido de préstamo Monografías: Libros y Folletos Patrimonio Dominicano Patrimonio Dominicano En catalogación 06.02.2012 LF1   xxx C146r 36911-10 25.06.2020   25.06.2020 No se presta
      Excluido de préstamo Monografías: Libros y Folletos Patrimonio Dominicano Patrimonio Dominicano En catalogación 06.02.2012 LF1   xxx C146r 36911-20 25.06.2020 e.2 25.06.2020 No se presta

Con tecnología Koha